000 01366cam a2200145 4500500
005 20251214002711.0
041 _afre
042 _adc
100 1 0 _aDupont, Florence
_eauthor
700 1 0 _aLetessier, Pierre
_eauthor
245 0 0 _aLe Théâtre romain
260 _bArmand Colin,
_c2017.
520 _aEnrichir l’histoire des théâtres antiques en présentant le théâtre romain comme un théâtre du jeu est la vocation première de cet ouvrage. Le théâtre romain est un théâtre rituel, codifié et musical qui ne se réduit ni à l’imitation maladroite du théâtre grec ni à la grossière préfiguration du théâtre classique. Et l’approche des quelques pièces conservées de ce théâtre, relues non plus comme des textes littéraires, mais en fonction du spectacle auquel elles étaient destinées ouvre une perspective anthropologique et dramaturgique nouvelle. Les auteurs ont ainsi cherché à reconstituer la pratique théâtrale romaine en retrouvant le jeu corporel des acteurs, l’usage des voix et de la musique ainsi que les attentes du public. Ils montrent que ce théâtre était bien du « spectacle vivant » et qu’il peut fournir aux metteurs en scène contemporains de quoi inventer de nouveaux spectacles.
856 4 1 _uhttps://shs.cairn.info/le-theatre-romain--9782200617745?lang=fr&redirect-ssocas=7080
999 _c1567337
_d1567337